00753nam a2200241 a 450000100060000000300090000600500170001500600150003200800410004701600300008801700500011802000150016803500200018304000280020308000110023108200160024210000220025824501030028026000390038330000210042250400360044365000320047926090CO-ViMGA20230915232145.0bimo0001864332141112s2004 ck r 000 u spa d abimoBNE20030541774 SpMaBN aM 3498 - 2003 Oficina Depósito Legal Madrid a8473563379 a(OCoLC)52268075 aCO-ViMGAbspacCO-ViMGA a808.5104a808.51 U71c1 aUrcola, Juan Luis10aCómo hablar en público y realizar presentaciones profesionales / cJuan Luis Urcola Tellería aPozuelo de Alarcón (Madrid) ESIC a298 p. il. 24 cm aBibliografía : p. [297] - 29814aArte de hablar en público